000 01130njm a22002657a 4500
005 20100917152348.0
006 a|||||r|||||00| 0
007 sd ammalaaahaa
008 100831t xxu||||| |||| 00| 0 eng d
028 _aMEPE.1008
_bMusic for pleasure
035 _aGR-03384
040 _aSED
_cSED
100 _aBachchan, Amitabh
_917690
245 _aMere paas aao- Mr. Natwarlal /
_cby Amitabh Bachchan...[et.al]
_h[Sound Recording] :
246 _aमेरे पास आओ- मर.नटवरलाल / अमिताभ बच्चन द्वारा
260 _aDum Dum India
_bMusic for pleasure
_c1982
300 _a1 sound disc (Gramophone Recording)
_banalog 33 1/3 rpm
_c12 in. (LP)
_fGramophone Record
500 _aBrief Record
500 _aRecord label: Music for pleasure;Green
505 _aSide-2 Namaskar - Aaj ham aapka parichay - Kabhi kabhi (Amitabh Bachchan)
600 _aBachchan, Amitabh
_920590
650 _aFilm songs
_xExcerpts
_zIndia
_917691
942 _2ddc
_cGR
999 _c46588
_d46588